00973cam a22002651 45000010008000000030004000080050017000120080041000290100017000700400018000870500022001050820011001271000018001382400045001562450128002012600035003293000027003645000077003915040027004686500023004959060045005189420012005639990015005759520117005901222541OSt20170105101210.0720107r19621948nyua b 000 0 eng  a 61018134  aDLCcDLCdDLC00aHM251b.K634 196200a301.151 aKrech, David.10aTheory and problems of social psychology10aIndividual in society;ba textbook of social psychology,cby David Krech, Richard S. Crutchfield, and Egerton L. Ballachey. aNew York,bMcGraw-Hill,c1962. a564 p.billus.c24 cm. aPublished in 1948 under title: Theory and problems of social psychology. aIncludes bibliography. 0aSocial psychology. a7bcbccorignewdueocipf19gy-gencatlg 2ddccBK c3174d3174 00102ddc40708NFICaCLbCLcGENd2016-05-19l1o301.15 KREpS3H-D-128r2021-11-13s2021-03-14w2016-05-19yBK